The anarchist way to socialism: Elisée Reclus and nineteenth-Century European anarchism
| 1. VerfasserIn: | |
|---|---|
| Beteiligte: | |
| Medienart: | Druck Buch |
| Sprache: | Englisch |
| Veröffentlicht: |
Totowa/N.J.
Rowman and Littlefield
1979
London [u.a.] Croom Helm [u.a.] 1979 |
| In: | Jahr: 1979 |
| Online-Zugang: |
Inhaltsverzeichnis |
| Bestand in Tübingen: | In Tübingen vorhanden. UB: KB 11 A 878 |
| Verfügbarkeit prüfen: | HBZ Gateway |
| Subito Bestelldienst: | Jetzt bestellen. |
| Schlagwörter: |
MARC
| LEADER | 00000cam a2200000 c 4500 | ||
|---|---|---|---|
| 001 | 03936996X | ||
| 003 | DE-627 | ||
| 005 | 20260206195758.0 | ||
| 007 | tu | ||
| 008 | 850101s1979 xxk||||| 00| ||eng c | ||
| 020 | |a 0856648671 |9 0-85664-867-1 | ||
| 020 | |a 084766158X |9 0-8476-6158-X | ||
| 035 | |a (DE-627)03936996X | ||
| 035 | |a (DE-603)098682040 | ||
| 035 | |a (DE-576)007177399 | ||
| 035 | |a (DE-599)GBV03936996X | ||
| 035 | |a (OCoLC)251583241 | ||
| 035 | |a (OCoLC)05717322 | ||
| 035 | |a (DE-604)8035951915 | ||
| 040 | |a DE-627 |b ger |c DE-627 |e rakwb | ||
| 041 | |a eng | ||
| 044 | |c XA-GB |c XD-US | ||
| 050 | 0 | |a HX893.R43 | |
| 082 | 0 | |a 335/.83/0924 | |
| 082 | 0 | |a 335.830924 |q LoC |2 DDC18oclc | |
| 084 | |a 3,6 |2 ssgn | ||
| 084 | |a MC 7700 |2 rvk |0 (DE-625)rvk/122423: | ||
| 100 | 1 | |a Fleming, Marie |4 aut | |
| 245 | 1 | 4 | |a The anarchist way to socialism |b Elisée Reclus and nineteenth-Century European anarchism |c Marie Fleming |
| 264 | 1 | |a Totowa/N.J. |b Rowman and Littlefield |c 1979 | |
| 264 | 1 | |a London [u.a.] |b Croom Helm [u.a.] |c 1979 | |
| 300 | |a 299 S. | ||
| 336 | |a Text |b txt |2 rdacontent | ||
| 337 | |a ohne Hilfsmittel zu benutzen |b n |2 rdamedia | ||
| 338 | |a Band |b nc |2 rdacarrier | ||
| 502 | |a Zugl.: , London, London School of Economics, Diss. | ||
| 583 | 1 | |a Massenentsäuert |c 2010 |2 pdager |5 DE-18 | |
| 583 | 1 | |a Archivierung prüfen |c 20240324 |f DE-4165 |z 3 |2 pdager | |
| 600 | 1 | 0 | |a Reclus, Élisée |d 1830-1905 |
| 600 | 1 | 7 | |0 (DE-588)118598848 |0 (DE-627)079391141 |0 (DE-576)162675291 |a Reclus, Élisée |d 1830-1905 |2 gnd |
| 650 | 0 | |a Anarchism |z France |x History | |
| 650 | 0 | 7 | |0 (DE-588)4001887-8 |0 (DE-627)106395386 |0 (DE-576)208844694 |a Anarchismus |2 gnd |
| 650 | 0 | 7 | |0 (DE-588)4055785-6 |0 (DE-627)106156829 |0 (DE-576)209115394 |a Sozialismus |2 gnd |
| 651 | 7 | |0 (DE-588)4018145-5 |0 (DE-627)106327232 |0 (DE-576)208922857 |a Frankreich |2 gnd | |
| 689 | 0 | 0 | |d p |0 (DE-588)118598848 |0 (DE-627)079391141 |0 (DE-576)162675291 |a Reclus, Élisée |d 1830-1905 |2 gnd |
| 689 | 0 | 1 | |d s |0 (DE-588)4001887-8 |0 (DE-627)106395386 |0 (DE-576)208844694 |a Anarchismus |2 gnd |
| 689 | 0 | |5 (DE-627) | |
| 689 | 1 | 0 | |d s |0 (DE-588)4001887-8 |0 (DE-627)106395386 |0 (DE-576)208844694 |a Anarchismus |2 gnd |
| 689 | 1 | 1 | |d s |0 (DE-588)4055785-6 |0 (DE-627)106156829 |0 (DE-576)209115394 |a Sozialismus |2 gnd |
| 689 | 1 | |5 (DE-627) | |
| 689 | 2 | 0 | |d p |0 (DE-588)118598848 |0 (DE-627)079391141 |0 (DE-576)162675291 |a Reclus, Élisée |d 1830-1905 |2 gnd |
| 689 | 2 | |5 (DE-627) | |
| 689 | 3 | 0 | |d g |0 (DE-588)4018145-5 |0 (DE-627)106327232 |0 (DE-576)208922857 |a Frankreich |2 gnd |
| 689 | 3 | 1 | |d s |0 (DE-588)4001887-8 |0 (DE-627)106395386 |0 (DE-576)208844694 |a Anarchismus |2 gnd |
| 689 | 3 | |5 (DE-627) | |
| 700 | 1 | |a Reclus, Elisée |4 oth | |
| 856 | 4 | 2 | |u http://scans.hebis.de/HEBCGI/show.pl?09868204_toc.pdf |m V:DE-605;X:Imageware |q application/pdf |3 Inhaltsverzeichnis |7 1 |
| 889 | |w (DE-627)023121084 | ||
| 889 | |w (DE-627)440553652 | ||
| 935 | |i mdedup | ||
| 935 | |i Blocktest | ||
| 935 | |h HEB |i 0501 | ||
| 935 | |h HEB |i 0503 | ||
| 936 | r | v | |a MC 7700 |b Anarchismus, Allgemeines |k Politologie |k Geschichte der politischen Philosophie und der Ideologien |k Ideologien und Massenbewegungen |k Anarchismus |k Anarchismus, Allgemeines |0 (DE-627)1270943901 |0 (DE-625)rvk/122423: |0 (DE-576)200943901 |
| 936 | s | n | |a m100 |2 mzub |
| 936 | s | n | |a q100 |2 mzub |
| 938 | 1 | 0 | |0 (DE-627)1756183333 |0 (DE-615)6607800 |a Anarchismus |2 fivt |
| 938 | 1 | 0 | |0 (DE-627)1756199221 |0 (DE-615)6600769 |a Sozialismus |2 fivt |
| 938 | 1 | 0 | |0 (DE-627)1756148325 |0 (DE-615)6603106 |a Frankreich |2 fivt |
| 951 | |a BO | ||
| ELC | |b 1 | ||
| LOK | |0 000 xxxxxcx a22 zn 4500 | ||
| LOK | |0 001 3142408584 | ||
| LOK | |0 003 DE-627 | ||
| LOK | |0 004 03936996X | ||
| LOK | |0 005 19910201000000 | ||
| LOK | |0 008 910201||||||||||||||||ger||||||| | ||
| LOK | |0 040 |a DE-21 |c DE-627 |d DE-21 | ||
| LOK | |0 852 |a DE-21 | ||
| LOK | |0 852 1 |c KB 11 A 878 |9 00 | ||
| LOK | |0 935 |a krim | ||
| LOK | |0 939 |a 01-02-91 |b l01 | ||
| ORI | |a SA-MARC-krimdoka001.raw | ||
| SIG | |a UB: KB 11 A 878 | ||
